[Event "Lichtenberger Sommer 2018"]
[Site "?"]
[Date "2018.08.20"]
[Round "3.49"]
[White "Kohlmeyer, Dagobert"]
[Black "Badestein, Hartmut"]
[Result "0-1"]
[WhiteElo "1858"]
[BlackElo "2025"]
[PlyCount "98"]
[EventDate "2018.??.??"]
[WhiteTeam "SG Weißensee 49"]
[BlackTeam "SC Friesen Lichtenberg"]

1. e4 c5 2. Nf3 e6 3. d4 cxd4 4. Nxd4 Nf6 5. Nc3 Nc6 6. Nxc6 bxc6 7. Bd3 d5 8.
exd5 cxd5 9. O-O Be7 10. Bb5+ Bd7 11. Qe2 O-O 12. Bxd7 Qxd7 13. a3 Rfc8 14. Bf4
Rc4 15. Be5 Rac8 16. Rad1 Qb7 17. Rfe1 Ne8 18. Rd4 Bf6 19. Rxc4 Rxc4 20. Bxf6
Nxf6 21. Qd3 Qc7 22. g3 h5 23. h4 Qb6 24. b3 Rd4 25. Qb5 Qd6 26. Qe2 a6 27. Qe3
Rg4 28. a4 d4 29. Qd3 Qc5 30. Qxa6 Qxc3 31. Re2 Qf3 32. Qd3 Qd5 33. b4 Re4 34.
a5 Rxe2 35. Qxe2 Ne4 36. a6 Nc3 37. Qd3 Nb5 38. f3 Qc6 39. a7 Nxa7 40. Qxd4 Nb5
41. Qd3 Nd6 42. Kg2 e5 43. Kf1 f5 44. Ke2 e4 45. fxe4 fxe4 46. Qb3+ Kh8 47. c3
Qb5+ 48. Ke1 Qd3 49. Qb2 Qxg3+ 0-1

[Event "Lichtenberger Sommer 2018"]
[Site "?"]
[Date "2018.08.20"]
[Round "3.50"]
[White "Tschernatsch, Johannes"]
[Black "Wolff, Marie Antoinette"]
[Result "1-0"]
[WhiteElo "1714"]
[BlackElo "1780"]
[PlyCount "103"]
[EventDate "2018.??.??"]
[WhiteTeam "USV Potsdam"]
[BlackTeam "Leegebrucher SF"]

1. e4 c5 2. c3 Nc6 3. d4 cxd4 4. cxd4 d6 5. d5 Ne5 6. f4 Nd7 7. Nf3 Qc7 8. Nc3
Ngf6 9. Nb5 Qb6 10. e5 Ng4 11. Qe2 dxe5 12. fxe5 a6 13. Nc3 Nc5 14. Qc4 Bf5 15.
h3 Nd3+ 16. Bxd3 Qf2+ 17. Kd1 Qxg2 18. Bxf5 Qxf3+ 19. Qe2 Nf2+ 20. Ke1 Qxh1+
21. Kxf2 Qh2+ 22. Ke1 Qg1+ 23. Qf1 Qg3+ 24. Kd1 Qxe5 25. Kc2 g6 26. Be4 Rc8 27.
Bg2 Bg7 28. Bd2 O-O 29. Re1 Qd6 30. Kb1 Qb4 31. Qf3 Rc5 32. a3 Qb3 33. Rxe7 b5
34. d6 b4 35. axb4 Qxb4 36. Qd3 Rb5 37. Nd1 Qa4 38. Bc3 Bxc3 39. Nxc3 Qb3 40.
Qc2 Rd8 41. Qxb3 Rxb3 42. Bd5 Rb6 43. Ne4 Rbxd6 44. Nxd6 Rxd6 45. Bxf7+ Kf8 46.
Ra7 h5 47. Bc4 Rd4 48. Bxa6 g5 49. Be2 Rh4 50. Ra3 Ke7 51. Kc2 Kd6 52. Rg3 1-0

[Event "Lichtenberger Sommer 2018"]
[Site "?"]
[Date "2018.08.20"]
[Round "3.51"]
[White "Lieder, Günter"]
[Black "Eisheh, Jens-Tarek"]
[Result "1/2-1/2"]
[WhiteElo "1830"]
[BlackElo "1947"]
[PlyCount "72"]
[EventDate "2018.??.??"]
[WhiteTeam "SK Turm Bad Hersfeld"]
[BlackTeam "Lübecker SV"]

1. c4 e5 2. Nc3 Nf6 3. g3 d5 4. cxd5 Nxd5 5. Bg2 Ne7 6. d3 g6 7. Nf3 Bg7 8. O-O
O-O 9. Bd2 Nbc6 10. a3 Nf5 11. Rb1 Nfd4 12. b4 a6 13. Re1 Bg4 14. Nxd4 exd4 15.
Ne4 Rb8 16. Nc5 Bc8 17. Nxa6 bxa6 18. Bxc6 Rb6 19. Bg2 Re8 20. Bf4 Be5 21. Bxe5
Rxe5 22. Qc2 a5 23. Rec1 Ba6 24. Bf3 axb4 25. Rxb4 c5 26. Rxb6 Qxb6 27. Rb1 Qf6
28. a4 Kg7 29. a5 c4 30. dxc4 Rxa5 31. Bd5 Bc8 32. Qd2 Ra7 33. Rd1 Bh3 34. Bg2
Bxg2 35. Kxg2 Qc6+ 36. f3 Qxc4 1/2-1/2

[Event "Lichtenberger Sommer 2018"]
[Site "?"]
[Date "2018.08.20"]
[Round "3.52"]
[White "Karyah, Thomas"]
[Black "Roth, Joachim"]
[Result "1-0"]
[WhiteElo "1775"]
[BlackElo "1959"]
[PlyCount "69"]
[EventDate "2018.??.??"]
[WhiteTeam "SC Zugzwang 95 (Berlin)"]
[BlackTeam "SG Bund"]

1. e4 Nf6 2. Nc3 d5 3. e5 d4 4. exf6 dxc3 5. fxg7 cxd2+ 6. Qxd2 Qxd2+ 7. Bxd2
Bxg7 8. O-O-O Bf5 9. Nf3 Nd7 10. Bc4 Nb6 11. Bb3 c5 12. Nh4 Bd7 13. c3 Bf6 14.
Nf3 Bf5 15. Bc2 Bxc2 16. Kxc2 Rg8 17. Bf4 Rxg2 18. Bg3 Nc4 19. Kb3 Na5+ 20. Kc2
Nc4 21. Rd3 h5 22. Ne1 Rxg3 23. hxg3 Ne5 24. Rd5 Ng4 25. Rdxh5 Nxf2 26. R1h2
Ng4 27. Rh8+ Kd7 28. Rd2+ Kc7 29. Rxa8 e6 30. Rf8 Ne3+ 31. Kd3 Nd5 32. Rxf7+
Kc6 33. Rxf6 Nxf6 34. c4 Ng4 35. Ke4 1-0

[Event "Lichtenberger Sommer 2018"]
[Site "?"]
[Date "2018.08.20"]
[Round "3.53"]
[White "Bartoszewski-Reiski, Olaf"]
[Black "Fiß, Wolfgang"]
[Result "1-0"]
[WhiteElo "1873"]
[BlackElo "1757"]
[PlyCount "57"]
[EventDate "2018.??.??"]
[WhiteTeam "Korona Gdansk"]
[BlackTeam "SC Oranienburg"]

1. e4 e6 2. Nf3 d5 3. Nc3 Nf6 4. e5 Nfd7 5. d4 c5 6. dxc5 Bxc5 7. Bd3 Nc6 8.
Bf4 Qb6 9. O-O Nd4 10. Na4 Nxf3+ 11. Qxf3 Qc6 12. Nxc5 Nxc5 13. Qg3 g6 14. Qg5
Bd7 15. Qf6 Rg8 16. Bg5 Kf8 17. Qe7+ Kg7 18. Bf6+ Kh6 19. Rfe1 Nxd3 20. cxd3 g5
21. Re3 g4 22. h4 Kg6 23. Bg5 Kg7 24. h5 b6 25. Rg3 Qc5 26. Qxd7 h6 27. Rc1 Qf8
28. Bf6+ Kh7 29. Rc7 1-0

[Event "Lichtenberger Sommer 2018"]
[Site "?"]
[Date "2018.08.20"]
[Round "3.54"]
[White "Krieger, Fabian"]
[Black "Prix, Siegfried"]
[Result "1-0"]
[WhiteElo "1936"]
[BlackElo "1739"]
[PlyCount "71"]
[EventDate "2018.??.??"]
[WhiteTeam "SV Mattnetz Berlin"]
[BlackTeam "SF 1903 Berlin"]

1. c4 e5 2. g3 Nf6 3. Bg2 d5 4. cxd5 Nxd5 5. Nc3 Nb6 6. Nf3 Nc6 7. O-O Be7 8.
Rb1 O-O 9. b4 Bxb4 10. Nxe5 Bxc3 11. Nxc6 bxc6 12. dxc3 Qxd1 13. Rxd1 Bb7 14.
Bf4 Rad8 15. Bxc7 Rxd1+ 16. Rxd1 Nd5 17. Ba5 Re8 18. e4 Nf6 19. f4 c5 20. e5
Bxg2 21. Kxg2 Ng4 22. Rd7 f6 23. exf6 Nxf6 24. Rd8 Kf8 25. Rxe8+ Kxe8 26. Kf3
Kd7 27. c4 Ke6 28. Bc3 Ne8 29. Be5 g5 30. Ke4 gxf4 31. gxf4 h5 32. f5+ Kf7 33.
Kd5 Nf6+ 34. Bxf6 Kxf6 35. Kxc5 Kxf5 36. Kd6 1-0

[Event "Lichtenberger Sommer 2018"]
[Site "?"]
[Date "2018.08.20"]
[Round "3.55"]
[White "Ostwald, Tobias"]
[Black "Schmidt, Rico"]
[Result "1/2-1/2"]
[WhiteElo "1796"]
[BlackElo "1804"]
[PlyCount "140"]
[EventDate "2018.??.??"]
[WhiteTeam "MSA Zugzwang"]
[BlackTeam "SG Weißensee 49"]

1. f4 Nf6 2. e3 b6 3. Nf3 g6 4. d4 Bg7 5. Bd3 Bb7 6. O-O O-O 7. Bd2 d6 8. c4 c5
9. Nc3 Nbd7 10. d5 a6 11. a4 Ne8 12. Qc2 e6 13. e4 exd5 14. exd5 f5 15. Rae1
Nc7 16. Ng5 Nf6 17. b3 Ng4 18. Nd1 Bd4+ 19. Kh1 h6 20. Nf3 Rc8 21. Bc3 Bxc3 22.
Nxc3 Re8 23. Qd2 Rxe1 24. Rxe1 Qd7 25. h3 Nf6 26. Kg1 Re8 27. Kf2 Bc8 28. Rxe8+
Qxe8 29. Qe3 Qxe3+ 30. Kxe3 Nce8 31. Na2 Bd7 32. Bc2 b5 33. axb5 axb5 34. Nc3
bxc4 35. bxc4 Nc7 36. Ba4 Bxa4 37. Nxa4 Ncxd5+ 38. cxd5 Nxd5+ 39. Kf2 Nxf4 40.
Nb6 Kf7 41. Nd2 Ke6 42. Nb3 Ke5 43. Kf3 Ne6 44. Nd7+ Kd5 45. Nf6+ Kc4 46. Na5+
Kd3 47. Nd5 Nd4+ 48. Kf2 g5 49. Nb7 Nb5 50. Na5 Nc3 51. Ne3 Ne4+ 52. Kf3 Nd2+
53. Kf2 f4 54. Nd5 c4 55. Nb7 Kd4 56. Nb4 d5 57. Nc2+ Kc3 58. Ne1 d4 59. Nd6
Nb3 60. Nf3 d3 61. Ke1 d2+ 62. Kd1 Kd3 63. Ne5+ Kd4 64. Nexc4 Kd3 65. Ne5+ Ke3
66. Ng4+ Kd3 67. Nxh6 Nc5 68. Ng4 Na4 69. Nf2+ Ke3 70. Ng4+ Kd3 1/2-1/2

[Event "Lichtenberger Sommer 2018"]
[Site "?"]
[Date "2018.08.20"]
[Round "3.56"]
[White "Jecht, Christian"]
[Black "Jugert, Ole"]
[Result "1-0"]
[WhiteElo "1914"]
[BlackElo "1650"]
[PlyCount "147"]
[EventDate "2018.??.??"]
[WhiteTeam "SC Bavaria Regensburg von 1881"]
[BlackTeam "vereinslos"]

1. e4 c5 2. Nf3 e6 3. c3 Nf6 4. e5 Nd5 5. d4 cxd4 6. cxd4 d6 7. Bc4 Nb6 8. Bb3
Be7 9. O-O O-O 10. Nc3 Nc6 11. Qe2 Re8 12. Rd1 Bd7 13. Bf4 d5 14. Rac1 a6 15.
Bc2 Nc4 16. b3 Na3 17. Bd3 Nb4 18. Nb1 Nxd3 19. Qxd3 Bb5 20. Qd2 Nxb1 21. Rxb1
a5 22. a4 Bb4 23. Qb2 Ba6 24. Bd2 Be2 25. Bg5 f6 26. exf6 gxf6 27. Bxf6 Qxf6
28. Qxe2 Kh8 29. Qe5 Qxe5 30. Nxe5 Rac8 31. Rd3 Rc3 32. Rbd1 Rec8 33. g3 Rxd3
34. Rxd3 Rc3 35. Rxc3 Bxc3 36. Nf3 h6 37. Kf1 Kg7 38. Ke2 Kf6 39. Kd3 Bb4 40.
Ne5 Bd6 41. Nf3 Kf5 42. Ng1 Bc7 43. f3 h5 44. Ne2 Bd6 45. Ke3 Bc7 46. Nc1 h4
47. Ne2 hxg3 48. hxg3 Bd6 49. Kf2 Bc7 50. Ke3 Bd6 51. f4 Kg4 52. Kf2 Be7 53.
Nc3 Bd6 54. Nd1 Bc7 55. Ne3+ Kh5 56. Kf3 Bb6 57. g4+ Kg6 58. Nc2 Kf6 59. Ke3
Bc7 60. Ne1 Bb6 61. Nd3 Bc7 62. Nc5 b6 63. Nd3 Bd6 64. Ne5 Bc7 65. Kf3 Bd8 66.
Kg3 Bc7 67. Kh4 Bxe5 68. fxe5+ Kg6 69. g5 Kg7 70. Kh5 Kh7 71. g6+ Kh8 72. Kh6
Kg8 73. g7 Kf7 74. Kh7 1-0

[Event "Lichtenberger Sommer 2018"]
[Site "?"]
[Date "2018.08.20"]
[Round "3.57"]
[White "Matitschka, Heinz"]
[Black "Kujawa, Werner"]
[Result "1-0"]
[WhiteElo "1938"]
[BlackElo "1726"]
[PlyCount "55"]
[EventDate "2018.??.??"]
[WhiteTeam "TSG Oberschöneweide"]
[BlackTeam "SV Motor Wildau"]

1. d4 Nf6 2. c4 c5 3. d5 b5 4. Qc2 bxc4 5. e4 d6 6. Bxc4 g6 7. Nc3 Bg7 8. h3
O-O 9. Nf3 Nbd7 10. O-O a6 11. Re1 Qc7 12. Bf4 Nb6 13. Bf1 Bd7 14. Rad1 Rfc8
15. Qc1 Na4 16. e5 Nh5 17. Bh2 Nxc3 18. bxc3 Bf8 19. g4 Ng7 20. Qf4 Qa5 21. Ng5
Be8 22. exd6 exd6 23. Rd3 h6 24. Ne4 g5 25. Nf6+ Kh8 26. Qe4 Nf5 27. Qxf5 Kg7
28. Qh7+ 1-0

[Event "Lichtenberger Sommer 2018"]
[Site "?"]
[Date "2018.08.20"]
[Round "3.59"]
[White "Regel, Michael"]
[Black "Kievelitz, Bernd"]
[Result "1/2-1/2"]
[WhiteElo "1692"]
[BlackElo "1868"]
[PlyCount "39"]
[EventDate "2018.??.??"]
[WhiteTeam "SC Friesen Lichtenberg"]
[BlackTeam "SC Zitadelle Spandau"]

1. e4 c5 2. Nc3 a6 3. f4 b5 4. Nf3 e6 5. d4 cxd4 6. Qxd4 Nc6 7. Qf2 Bb4 8. Bd3
Nf6 9. O-O d6 10. h3 Bc5 11. Be3 Bxe3 12. Qxe3 Bb7 13. f5 Qe7 14. Rae1 O-O 15.
e5 dxe5 16. Nxe5 exf5 17. Nxc6 Qxe3+ 18. Rxe3 Bxc6 19. Bxf5 Rad8 20. Bd3
1/2-1/2

[Event "Lichtenberger Sommer 2018"]
[Site "?"]
[Date "2018.08.20"]
[Round "3.60"]
[White "Spors, Carl Philip"]
[Black "Schwager, Thomas"]
[Result "0-1"]
[WhiteElo "1902"]
[BlackElo "1628"]
[PlyCount "70"]
[EventDate "2018.??.??"]
[WhiteTeam "Lasker Steglitz-Wilmersdorf"]
[BlackTeam "SC Friesen Lichtenberg"]

1. e4 c5 2. Nf3 Nc6 3. d4 cxd4 4. Nxd4 Nf6 5. Nc3 e6 6. Be3 d5 7. Bb5 Bd7 8.
exd5 Nxd4 9. Bxd7+ Qxd7 10. Qxd4 exd5 11. O-O-O b6 12. Nxd5 Qxd5 13. Qxd5 Nxd5
14. Rxd5 Rd8 15. Re5+ Be7 16. Re1 Rd7 17. Bd2 f6 18. Re6 Kf7 19. c4 Rhd8 20.
Bc3 Bc5 21. f3 Bg1 22. h3 Bh2 23. R6e4 f5 24. Re6 Bg3 25. R1e2 Bh4 26. b3 Rd1+
27. Kc2 Bg5 28. b4 Rc1+ 29. Kb3 Rd3 30. Rc2 Rxc3+ 31. Rxc3 Rxc3+ 32. Kxc3 Kxe6
33. a4 Kd6 34. Kd4 Bf6+ 35. Kd3 Kc6 0-1

[Event "Lichtenberger Sommer 2018"]
[Site "?"]
[Date "2018.08.20"]
[Round "3.61"]
[White "Bollenbach, Horst"]
[Black "Lehmkuhl, Stefan"]
[Result "0-1"]
[WhiteElo "1736"]
[BlackElo "1892"]
[PlyCount "116"]
[EventDate "2018.??.??"]
[WhiteTeam "SC Friesen Lichtenberg"]
[BlackTeam "Breloher SC"]

1. c4 Nf6 2. Nf3 c6 3. Nc3 d5 4. cxd5 Nxd5 5. g3 g6 6. Bg2 Bg7 7. O-O O-O 8. d4
Nd7 9. e3 Re8 10. Nxd5 cxd5 11. Ne5 e6 12. Nxd7 Bxd7 13. Qb3 b5 14. Bd2 a5 15.
Rfc1 Qb6 16. Bf1 Bf8 17. a4 b4 18. Rc2 Rec8 19. Rac1 Qd8 20. Qa2 Rxc2 21. Rxc2
Rc8 22. b3 Rc7 23. Bd3 Qc8 24. Qb2 Bd6 25. e4 dxe4 26. Bxe4 Rxc2 27. Qxc2 Qxc2
28. Bxc2 Bc6 29. f4 Bd5 30. Kf2 Kf8 31. Ke3 Ke7 32. Kd3 Bb8 33. Bd1 Ba7 34. Be3
Kd6 35. g4 Bg2 36. f5 exf5 37. gxf5 Kd5 38. fxg6 hxg6 39. Bf4 Bb6 40. Be5 Be4+
41. Ke3 Bd8 42. Be2 Bg5+ 43. Kf2 Kc6 44. Bc4 f6 45. d5+ Bxd5 46. Bxd5+ Kxd5 47.
Bc7 Kd4 48. Bxa5 Kc3 49. Bc7 f5 50. Be5+ Kxb3 51. a5 Bd8 52. a6 Bb6+ 53. Ke2
Kc4 54. Bb8 b3 55. Kd1 Kc3 56. Be5+ Kd3 57. Kc1 Ba7 58. Kb2 Ke4 0-1

[Event "Lichtenberger Sommer 2018"]
[Site "?"]
[Date "2018.08.20"]
[Round "3.62"]
[White "Ho, Ngoc Hai-Dang"]
[Black "Miowitz, Torsten"]
[Result "1/2-1/2"]
[WhiteElo "1582"]
[BlackElo "1858"]
[PlyCount "60"]
[EventDate "2018.??.??"]
[WhiteTeam "SV Mattnetz Berlin"]
[BlackTeam "Lasker Steglitz-Wilmersdorf"]

1. e4 c6 2. d4 d5 3. exd5 cxd5 4. Nf3 Nc6 5. Bd3 Bg4 6. c3 Qc7 7. h3 Bxf3 8.
Qxf3 e6 9. O-O Bd6 10. Re1 Nge7 11. Bg5 O-O 12. Qg4 Ng6 13. h4 f5 14. Qh3 Rae8
15. h5 Nf4 16. Bxf4 Bxf4 17. g3 Bd6 18. f4 Nb8 19. Nd2 Nd7 20. Nf3 Nf6 21. Kg2
Ne4 22. Ne5 Bxe5 23. fxe5 Qe7 24. Rf1 Ng5 25. Qh4 h6 26. Rf4 a6 27. Raf1 b5 28.
g4 fxg4 29. Qxg4 Rxf4 30. Qxf4 Qd8 1/2-1/2

[Event "Lichtenberger Sommer 2018"]
[Site "?"]
[Date "2018.08.20"]
[Round "3.63"]
[White "Dreke, Frank"]
[Black "Kreuchauf, Olaf"]
[Result "0-1"]
[WhiteElo "1932"]
[BlackElo "1674"]
[PlyCount "54"]
[EventDate "2018.??.??"]
[WhiteTeam "SV Mattnetz Berlin"]
[BlackTeam "SC Eintracht Berlin"]

1. e4 e6 2. d4 c5 3. Nf3 cxd4 4. Nxd4 Nf6 5. Bd3 Nc6 6. Nxc6 bxc6 7. O-O Be7 8.
e5 Nd5 9. Qg4 Kf8 10. c4 h5 11. Qf3 Nb4 12. Bg6 Qe8 13. a3 Na6 14. Bxh5 d6 15.
Bf4 dxe5 16. Bxe5 Kg8 17. Rd1 Nc5 18. Nc3 Nd7 19. Bd6 Bf6 20. Qxc6 Rxh5 21.
Qxa8 Nb6 22. Qxa7 Nxc4 23. Ne4 Bd8 24. Rac1 Bb6 25. Qe7 Qc6 26. Nf6+ gxf6 27.
Qxf7+ Kxf7 0-1

[Event "Lichtenberger Sommer 2018"]
[Site "?"]
[Date "2018.08.20"]
[Round "3.64"]
[White "Wahner, Eberhard"]
[Black "Bruening, Wolfgang"]
[Result "0-1"]
[WhiteElo "1605"]
[BlackElo "1841"]
[PlyCount "72"]
[EventDate "2018.??.??"]
[WhiteTeam "SC Eintracht Berlin"]
[BlackTeam "vereinslos"]

1. c4 e6 2. Nc3 Nf6 3. g3 c5 4. Bg2 Nc6 5. Nf3 Be7 6. O-O O-O 7. d3 d5 8. cxd5
exd5 9. a3 Be6 10. Re1 d4 11. Ne4 Bd5 12. Nxf6+ Bxf6 13. e4 dxe3 14. fxe3 g6
15. Kh1 Qd7 16. e4 Be6 17. Rb1 Rad8 18. Bg5 Bxg5 19. Nxg5 Bg4 20. Qb3 Nd4 21.
Qc4 h6 22. h3 hxg5 23. hxg4 b6 24. Bh3 Kg7 25. Kg2 Rh8 26. Rh1 Qc7 27. Rbd1 Ne2
28. Kf2 Nxg3 29. Qc3+ f6 30. e5 Nxh1+ 31. Rxh1 fxe5 32. Kg2 Qd6 33. Re1 Rhe8
34. Re3 Qd4 35. Qxd4 exd4 36. Rf3 Rf8 0-1

[Event "Lichtenberger Sommer 2018"]
[Site "?"]
[Date "2018.08.20"]
[Round "3.65"]
[White "Lichii, Elizaveta"]
[Black "Tedesco, Gennaro"]
[Result "1-0"]
[WhiteElo "1807"]
[BlackElo "1706"]
[PlyCount "171"]
[EventDate "2018.??.??"]
[WhiteTeam "vereinslos"]
[BlackTeam "SC Kreuzberg"]

1. e4 c5 2. Nf3 d6 3. d4 cxd4 4. Nxd4 Nf6 5. Nc3 a6 6. Be3 e5 7. Nb3 Be7 8. f3
Be6 9. Qd2 O-O 10. O-O-O Nbd7 11. g4 b5 12. Rg1 b4 13. Nd5 Bxd5 14. exd5 a5 15.
g5 Nh5 16. Kb1 Qc7 17. Nc1 Rfb8 18. Rg4 Nb6 19. Rh4 g6 20. Bb5 Rc8 21. Qf2 Rab8
22. Bc6 Ng7 23. Rg4 Nf5 24. Rd3 Nxe3 25. Rxe3 Nd7 26. h4 Nc5 27. Qe1 Qb6 28.
Nb3 Nxb3 29. cxb3 Bf8 30. Rc4 Bg7 31. Ree4 Rf8 32. Rc2 h5 33. gxh6 Bxh6 34. Rg2
Qd8 35. Qg1 Kh7 36. Qh2 f5 37. Re1 Qf6 38. Reg1 Rg8 39. Qg3 Bf4 40. Qf2 Rg7 41.
Rh1 Qf7 42. Qe2 Qa7 43. Re1 Qc5 44. Qf1 Qb6 45. Ree2 Qa6 46. Qd1 Qb6 47. Rc2
Rc8 48. Rce2 Rcc7 49. Qd3 Qd4 50. Qc2 Kh6 51. Re1 Kh5 52. Qe2 Qb6 53. Reg1 Qe3
54. Qxe3 Bxe3 55. Rh1 Bf4 56. Kc2 Rce7 57. Re2 e4 58. fxe4 Rxe4 59. Rxe4 fxe4
60. Re1 Re7 61. Rg1 e3 62. Bb5 Re5 63. Be2+ Kxh4 64. Rg4+ Kh3 65. Rxf4 Kg3 66.
Rf3+ Kg2 67. Kd3 Rxd5+ 68. Kxe3 g5 69. Bf1+ Kh2 70. Rf2+ Kg3 71. Rg2+ Kh4 72.
Rh2+ Kg3 73. Rg2+ Kh4 74. Be2 Kh3 75. Bg4+ Kxg2 76. Bf3+ Kg3 77. Bxd5 Kh4 78.
a3 Kg3 79. axb4 axb4 80. Kd4 Kf4 81. Kc4 Ke5 82. Bg2 g4 83. Kxb4 Kd4 84. Ka5 d5
85. b4 Kc4 86. b3+ 1-0

[Event "Lichtenberger Sommer 2018"]
[Site "?"]
[Date "2018.08.20"]
[Round "3.66"]
[White "Zielke, Ansgar"]
[Black "Bender, Sebastian"]
[Result "0-1"]
[WhiteElo "1608"]
[BlackElo "1896"]
[PlyCount "52"]
[EventDate "2018.??.??"]
[WhiteTeam "Borussia Lichtenberg"]
[BlackTeam "SC Zugzwang 95 (Berlin)"]

1. d4 Nf6 2. Nf3 g6 3. c4 Bg7 4. Nc3 d6 5. e3 O-O 6. Bd3 Nbd7 7. O-O e5 8. dxe5
dxe5 9. Bc2 Qe7 10. Re1 e4 11. Nd2 Nc5 12. f3 exf3 13. Nxf3 c6 14. e4 Ng4 15.
h3 Nb3 16. hxg4 Nxa1 17. Bd3 Bxg4 18. Be3 Rad8 19. Qe2 Qd6 20. Bb1 Qg3 21. Bf2
Bxf3 22. Bxg3 Bxe2 23. Rxe2 Bxc3 24. bxc3 Rd1+ 25. Re1 Rxe1+ 26. Bxe1 Rd8 0-1

[Event "Lichtenberger Sommer 2018"]
[Site "?"]
[Date "2018.08.20"]
[Round "3.68"]
[White "Vesely, Martin"]
[Black "Bauder, Herbert"]
[Result "0-1"]
[WhiteElo "1703"]
[BlackElo "1886"]
[PlyCount "74"]
[EventDate "2018.??.??"]
[WhiteTeam "SV Berlin-Friedrichstadt"]
[BlackTeam "Lasker Steglitz-Wilmersdorf"]

1. d4 Nf6 2. Bg5 c5 3. Bxf6 gxf6 4. e3 Qb6 5. b3 cxd4 6. exd4 Bg7 7. Nf3 d6 8.
Nbd2 Nc6 9. c3 d5 10. Rc1 Bg4 11. Be2 O-O 12. O-O Qa5 13. a4 Rac8 14. Nh4 Bxe2
15. Qxe2 e6 16. f4 f5 17. Ndf3 h6 18. h3 Ne7 19. Qe1 Qb6 20. b4 a5 21. b5 Rc4
22. Ne5 Rc7 23. Rf3 Rfc8 24. Rg3 Qxd4+ 25. Kh1 Qxf4 26. Rc2 b6 27. Nd3 Qxa4 28.
Re2 Kf8 29. Rxg7 Kxg7 30. Re3 Kf8 31. Rg3 f4 32. Rg4 Qe4 33. Qd2 Qe3 34. Qd1
Rxc3 35. Rxf4 Rxd3 36. Qg4 Rc1+ 37. Kh2 Qg1# 0-1

[Event "Lichtenberger Sommer 2018"]
[Site "?"]
[Date "2018.08.20"]
[Round "3.69"]
[White "Otter, Nils"]
[Black "Pathasart, Somchay"]
[Result "1-0"]
[WhiteElo "1723"]
[BlackElo "1750"]
[PlyCount "97"]
[EventDate "2018.??.??"]
[WhiteTeam "SC Kreuzberg"]
[BlackTeam "SG Weißensee 49"]

1. e4 e5 2. f4 exf4 3. Nf3 Be7 4. Bc4 Nf6 5. Nc3 Nxe4 6. Bxf7+ Kxf7 7. Nxe4 Rf8
8. O-O d5 9. Nf2 Kg8 10. d4 Nc6 11. c3 Qd6 12. Nd3 Bg4 13. Bd2 Rae8 14. Qc1 Bf5
15. Bxf4 Qd7 16. Nde5 Qc8 17. Nxc6 bxc6 18. Ne5 Qe6 19. Qe3 Be4 20. Qg3 Bd6 21.
b4 Be7 22. Rae1 h5 23. h4 Bd6 24. a4 a6 25. a5 Bxe5 26. Bxe5 Qg4 27. Qxg4 hxg4
28. Bxc7 Rxf1+ 29. Rxf1 Rf8 30. Bf4 Kh7 31. Kh2 Kg6 32. Kg3 Kh5 33. Rf2 g6 34.
Bg5 Rf5 35. Rf4 Rxf4 36. Bxf4 Bf5 37. Bg5 Be4 38. Kf2 Bf5 39. g3 Bd3 40. Ke3
Bb5 41. Kf4 Bc4 42. Ke5 Bb5 43. Kd6 Ba4 44. Kc5 Bb5 45. Kb6 Bc4 46. Kxc6 Bb3
47. b5 Ba4 48. Kxd5 Bxb5 49. c4 1-0

[Event "Lichtenberger Sommer 2018"]
[Site "?"]
[Date "2018.08.20"]
[Round "3.70"]
[White "Engelhardt, Erhard"]
[Black "Hoffmann, Rainer"]
[Result "0-1"]
[WhiteElo "1769"]
[BlackElo "1950"]
[PlyCount "114"]
[EventDate "2018.??.??"]
[WhiteTeam "SSV Rotation Berlin"]
[BlackTeam "SV Oberkrämer"]

1. f4 Nf6 2. Nf3 b6 3. e3 Bb7 4. b3 g6 5. Bb2 Bg7 6. Be2 O-O 7. O-O d5 8. Na3
c5 9. Qc1 a6 10. c4 e6 11. Rd1 Nbd7 12. Ne5 Rc8 13. Nxd7 Qxd7 14. Be5 Rfd8 15.
Nc2 Qe7 16. Qb2 Ne8 17. Bxg7 Nxg7 18. Rab1 Nf5 19. d3 h5 20. Bf3 Nh4 21. Ne1
Rd7 22. Qe2 e5 23. fxe5 Qxe5 24. Bxd5 Bxd5 25. cxd5 Rxd5 26. g3 Nf5 27. Ng2 Re8
28. e4 Rd6 29. Qf2 Nd4 30. Rf1 Re7 31. Rbc1 f5 32. exf5 Nxf5 33. Rfe1 Qg7 34.
Rxe7 Qxe7 35. Qe1 Re6 36. Qf1 Qd6 37. Qf4 Qe7 38. Qf2 Kh7 39. Re1 Rxe1+ 40.
Nxe1 Qe5 41. Kf1 Kg8 42. Qe2 Ne3+ 43. Kg1 Kh7 44. Nc2 Ng4 45. Qxe5 Nxe5 46. Ne1
Nc6 47. Nc2 Kg7 48. Kf2 Kf6 49. Ke3 Ke5 50. h3 b5 51. g4 h4 52. Kf3 a5 53. a3
Nd4+ 54. Nxd4 Kxd4 55. Ke2 Kc3 56. b4 cxb4 57. axb4 a4 0-1

[Event "Lichtenberger Sommer 2018"]
[Site "?"]
[Date "2018.08.20"]
[Round "3.71"]
[White "Neuwald, Volker"]
[Black "Kirves, Martin"]
[Result "1-0"]
[WhiteElo "1786"]
[BlackElo "1332"]
[PlyCount "129"]
[EventDate "2018.??.??"]
[WhiteTeam "SK Ottenau"]
[BlackTeam "BSC Rehberge"]

1. c4 f5 2. Nc3 Nf6 3. Nf3 b6 4. g3 Bb7 5. Bg2 e6 6. O-O Be7 7. d4 O-O 8. a3 a5
9. Bd2 Ne4 10. e3 Nxc3 11. Bxc3 d6 12. b4 a4 13. Qe2 Be4 14. Rfd1 Qe8 15. Ra2
Bf6 16. Nd2 Bxg2 17. Kxg2 e5 18. Qf3 Qc6 19. dxe5 dxe5 20. Qxc6 Nxc6 21. Nf3 e4
22. Nd4 Rad8 23. Rad2 Ne5 24. Nxf5 Rxd2 25. Bxd2 Nxc4 26. Bc1 Rd8 27. Rxd8+
Bxd8 28. Nd4 Be7 29. Nb5 c5 30. bxc5 Bxc5 31. Nc3 Bxa3 32. Bxa3 Nxa3 33. Nxa4
b5 34. Nc5 Kf7 35. Kf1 Ke7 36. Ke2 Kd6 37. Nxe4+ Kc6 38. Kd3 b4 39. Nd2 Kb5 40.
e4 Ka4 41. e5 Nb5 42. e6 b3 43. e7 Nd6 44. Nc4 Ne8 45. Kc3 Kb5 46. Kxb3 Kc5 47.
Kc3 Kc6 48. Kd4 Kd7 49. Ke5 Kxe7 50. Nb6 Nf6 51. Nd5+ Nxd5 52. Kxd5 Kf6 53. h3
h5 54. Ke4 g5 55. h4 gxh4 56. gxh4 Ke6 57. Kf4 Kf6 58. f3 Kg6 59. Ke5 Kh6 60.
Kf6 Kh7 61. f4 Kg8 62. Kg6 Kf8 63. Kxh5 Kf7 64. Kg5 Kg7 65. h5 1-0

[Event "Lichtenberger Sommer 2018"]
[Site "?"]
[Date "2018.08.20"]
[Round "3.72"]
[White "Bastian, Reinhard"]
[Black "Namestnikov, Boris"]
[Result "0-1"]
[WhiteElo "1667"]
[BlackElo "1916"]
[PlyCount "54"]
[EventDate "2018.??.??"]
[WhiteTeam "vereinslos"]
[BlackTeam "SK Zehlendorf"]

1. e4 e6 2. d4 d5 3. exd5 exd5 4. Nf3 Nf6 5. Bg5 Bd6 6. Bd3 O-O 7. O-O Bg4 8.
Re1 Nbd7 9. Nbd2 c6 10. c3 Qc7 11. Qc2 Rfe8 12. Bh4 Bh5 13. Bg3 Bxg3 14. hxg3
Bg6 15. Bxg6 hxg6 16. Ng5 Nh7 17. Nxh7 Kxh7 18. Nf3 Nf6 19. Ne5 Re7 20. Re3
Rae8 21. Rae1 Kg8 22. f4 Ne4 23. c4 Nd6 24. cxd5 Nf5 25. d6 Qxd6 26. Nc4 Nxe3
27. Rxe3 Qxd4 0-1

[Event "Lichtenberger Sommer 2018"]
[Site "?"]
[Date "2018.08.20"]
[Round "3.73"]
[White "Jouani, Zakharia"]
[Black "Ziems, Michael"]
[Result "0-1"]
[WhiteElo "1243"]
[BlackElo "1813"]
[PlyCount "50"]
[EventDate "2018.??.??"]
[WhiteTeam "SK Zehlendorf"]
[BlackTeam "SV Empor Berlin"]

1. e4 e6 2. d4 d5 3. Nc3 Nf6 4. Bg5 Be7 5. e5 Nfd7 6. Bxe7 Qxe7 7. f4 a6 8. Nf3
c5 9. Bd3 cxd4 10. Ne2 Nc6 11. Qd2 f6 12. exf6 Nxf6 13. Nfxd4 O-O 14. O-O-O Bd7
15. Rde1 Qd6 16. Rhf1 Nb4 17. a3 Nxd3+ 18. Qxd3 Ne4 19. Nc3 Nxc3 20. Qxc3 Rxf4
21. Qe3 Re4 22. Qg3 Qxg3 23. hxg3 Rxd4 24. Rf3 Rf8 25. Ref1 Rxf3 0-1

[Event "Lichtenberger Sommer 2018"]
[Site "?"]
[Date "2018.08.20"]
[Round "3.74"]
[White "Kromer, Thomas"]
[Black "Franke, Lukas"]
[Result "1-0"]
[WhiteElo "1839"]
[BlackElo "1287"]
[PlyCount "32"]
[EventDate "2018.??.??"]
[WhiteTeam "SF Riedlingen"]
[BlackTeam "Königsjäger Süd-West"]

1. e4 d6 2. d4 Nd7 3. Nf3 e5 4. Bc4 Be7 5. dxe5 dxe5 6. Qd5 Nh6 7. Bxh6 Nb6 8.
Qxf7+ Kd7 9. Nxe5+ Kd6 10. Bxg7 Rf8 11. Bxf8 Qxf8 12. Qxf8 Bxf8 13. f4 Nxc4 14.
Nxc4+ Ke6 15. Nc3 Bc5 16. Nd5 Bb6 1-0